000 02170nam0a2200397 4500
001 RU\NLR\BIBL_A\022492654
005 20250715130148.0
010 _a978-5-00089-741-6
_9500
021 _aRU
_bКН-П-25-000499
_9КН-П-25-0038
035 _a(NLR Aleph) 022492654
090 _a13452666
_c13452666
100 _a20250317d2024 k y0rusy50 ca
101 0 _arus
_aeng
_deng
102 _aRU
105 _aa z 100yy
181 0 _ai3
_baxxe
182 0 _an
200 1 _aЕстествознание: исследования и обучение
_eматериалы научной конференции "Чтения Ушинского", [20-21 апреля 2024 г.]
_fМинистерство просвещения Российской Федерации, ФГБОУ ВО "Ярославский государственный педагогический университет имени К. Д. Ушинского"
_gпод научной редакцией К. Е. Безух
203 _aТекст
_bвизуальный
_cнепосредственный
210 _aЯрославль
_cРИО ЯГПУ
_d2024
215 _a211 с.
_cтабл.
_d21
300 _aТекст рус., англ.
320 _aБиблиогр. в конце ст.
606 1 _aЕстествознание
_jСъезды, совещания и т.п
_91049255
_3RU\NLR\AUTH\6687283
606 1 _aЕстественные науки
_jСъезды, совещания и т.п.
_xПреподавание
_92165070
_3RU\NLR\auth\661302764
686 1 _aБ.я431(2)
686 1 _aЧ426.23я431
686 1 _aЧ486.23я431
702 1 _aБезух
_bК. Е.
_f1975-
_gКсения Евгеньевна
_4340
711 1 2 _a"Чтения Ушинского", конференция
_eЯрославль
_f2024
_9886620
_3RU\NLR\AUTH\880614769
712 0 2 _4557
_aЯрославский государственный педагогический университет им. К. Д. Ушинского
_9304213
_3RU\NLR\AUTH\8815514
942 _cBOOK
980 _aNB